Cawsand Fort Management Co Ltd v EM Stafford and others (Record no. 79759)

MARC details
000 -LEADER
fixed length control field 01912cab a22002295a 4500
001 - CONTROL NUMBER
control field L142248
008 - FIXED-LENGTH DATA ELEMENTS--GENERAL INFORMATION
fixed length control field 080131e20071120xxk f v 000 0 eng d
035 ## - SYSTEM CONTROL NUMBER
System control number (Sirsi) u142248
041 0# - LANGUAGE CODE
Language code of text/sound track or separate title eng
245 00 - TITLE STATEMENT
Title Cawsand Fort Management Co Ltd v EM Stafford and others
Medium [electronic resource]
260 ## - PUBLICATION, DISTRIBUTION, ETC.
Date of publication, distribution, etc. 2007
520 ## - SUMMARY, ETC.
Summary, etc. [2007] EWCA Civ 1187, 12 October 2007. Considers whether the leasehold valuation tribunal has the power to order an appointed land manager to perform actions on land outside their leased buildings and associated areas. The appellant (C) was the proprietor of a freehold company of residential units. The respondent lessees (S) were entitled by covenant to use nearby amenity land for recreational purposes, which C was covenanted to repair and maintain. C did not carry out these obligations, and the tribunal granted S's application to appoint a manager (see L136578). S appealed, arguing that the tribunal did not have the power to do this. "Held": The language used by section 21(1) of Part II of the Landlord and Tenant Act 1987 allowed for the appointment of a manager in relation to the properties. C's submission did not take account of this. There was nothing in the Act limiting the Tribunal's power merely to the buildings and their curtilages. Appeal dismissed.
590 ## - LOCAL NOTE (RLIN)
Local note KA
650 24 - SUBJECT ADDED ENTRY--TOPICAL TERM
Topical term or geographic name entry element CAWSAND FORT MANAGEMENT CO LTD V STAFFORD AND OTHERS
650 24 - SUBJECT ADDED ENTRY--TOPICAL TERM
Topical term or geographic name entry element CAWSAND FORT MANAGEMENT CO LTD V STAFFORD AND OTHERS (NO.2)
650 24 - SUBJECT ADDED ENTRY--TOPICAL TERM
Topical term or geographic name entry element LANDLORD AND TENANT ACT 1987
651 #4 - SUBJECT ADDED ENTRY--GEOGRAPHIC NAME
Geographic name England and Wales
Chronological subdivision 1543-
690 ## - LOCAL SUBJECT ADDED ENTRY--TOPICAL TERM (OCLC, RLIN)
Topical term or geographic name as entry element PROPERTY-RURAL AND NATURAL ASSETS-RURAL AND NATURAL ASSET MANAGEMENT-LAND MANAGEMENT
690 ## - LOCAL SUBJECT ADDED ENTRY--TOPICAL TERM (OCLC, RLIN)
Topical term or geographic name as entry element MANAGEMENT-DISPUTE AVOIDANCE, MANAGEMENT AND RESOLUTION-DISPUTE MANAGEMENT AND RESOLUTION-TRIBUNALS-LANDS TRIBUNAL
856 48 - ELECTRONIC LOCATION AND ACCESS
Uniform Resource Identifier <a href="https://www.bailii.org/ew/cases/EWCA/Civ/2007/1187.html">https://www.bailii.org/ew/cases/EWCA/Civ/2007/1187.html</a>
Public note View the judgment free of charge at www.bailii.org...
942 ## - ADDED ENTRY ELEMENTS (KOHA)
Suppress in OPAC 0
Holdings
Withdrawn status Lost status Source of classification or shelving scheme Damaged status Not for loan Home library Current library Shelving location Date acquired Total Checkouts Full call number Barcode Date last seen Copy number Price effective from Koha item type
    Dewey Decimal Classification     Virtual Virtual Online 31/01/2008   ONLINE PUBLICATION 142248-1001 06/08/2019 1 06/08/2019 Law report